| 000 | 01275nam a22002537a 4500 | ||
|---|---|---|---|
| 999 |
_c22185 _d22185 |
||
| 003 | AR-CdUCM | ||
| 008 | 190425b ||||| |||| 00| 0 spa d | ||
| 040 |
_aMUNICIPALIDAD PROVINCIAL DEL CUSCO _cBIBLIOTECA MUNICIPAL DEL CUSCO |
||
| 082 | _aOropesa/N°84/2012 | ||
| 245 |
_aOropesa : _brevista de cultura y educación de opinión y crítica / _cAmérico Valer Vargas, Director |
||
| 260 |
_aCusco. _bLezama, _c2012. |
||
| 300 |
_a18 páginas. : _bilustraciones ; _c30 cm. |
||
| 440 |
_aOropesa. _nAño XXXI, N°LXXXIV, diciembre 2012. _947609 |
||
| 505 | _aContenido: Cusco espera que aeropuerto internacional de Chinchero y gasoducto del Sur sean una realidad. -- La educación intercultural y la discriminación. -- Marginación y discriminación bullyng. -- El monumento al Inka es incuestionable. -- Construyendo un Inka futuro regional monumentos y la cultura con desarrollo integral. -- Acción concertada temas ambientales función de la OEFA. | ||
| 650 |
_aPolítica cusqueña _947381 |
||
| 650 |
_aCultura andina _947570 |
||
| 650 |
_aSociedad cusqueña _947493 |
||
| 650 |
_aSiglo XX _947561 |
||
| 700 |
_aValer Vargas, Américo _947562 |
||
| 700 |
_aValenzuela Lovón, Armando _91192 |
||
| 700 |
_aGil Mora, Eduardo _946972 |
||
| 942 |
_2ddc _cPP |
||
| 945 | _arac | ||